000 00199 a2200097 4500
001 47508
100 _aBell L
245 _aSabotage
260 _aLondon
_bT Werner Lavrie
_c
090 _c30527
_d30527
942 _aNUST-CAE
_cM
_c22811
999 _c282581
_d282581